000 00539nam a2200193 i 4500
001 bg
003 BPK
005 20191009081703.0
008 950506s1959 pl f |000 0 pol d
040 _cBPK
041 _apol
080 _a624.011.1
100 1 _aMischke, Danuta.
245 1 0 _aKonstrukcje drewniane /
_cDanuta Mischke.
260 _aŁódź,
_c1959.
650 4 _aKonstrukcje drewniane
856 _uhttp://koha.tu.koszalin.pl/cgi-bin/koha/opac-detail.pl?biblionumber=7085
_yKatalog online BPK
942 _cKS
_2UKD
999 _c7085
_d7085